TOP 10 des marques de bières préférés des français - Statistiques

Statistiques générales
  • Ce quiz a été pris 142 fois
  • Le résultat moyen est 5 sur 10
Statistiques - réponses
TOP Bières % Correct
3 Heineken
89%
1 Leffe
79%
2 1664
78%
5 Desperados
71%
7 Grimbergen
58%
6 Kronenbourg
51%
9 Corona
42%
10 Pelforth
20%
4 Hoegaarden
13%
8 Carlsberg
7%
Aucun quiz correspondant
Distribution des résultats
% des personnes avec chaque résultat
Percentile par nombre de réponses
Votre historique - résultats
Vous n’avez pas pris ce quiz